Lo que se ha dicho de Iparraguirre (Record no. 27067)
[ view plain ]
| 000 -LEADER | |
|---|---|
| campo de control de longitud fija | 00795nam a2200193 i 4500 |
| 001 - NÚMERO DE CONTROL | |
| campo de control | 27067 |
| 003 - IDENTIFICADOR DE NÚMERO DE CONTROL | |
| campo de control | ES-MaACL |
| 005 - FECHA Y HORA DE LA ÚLTIMA TRANSACCIÓN | |
| campo de control | 20230906153544.0 |
| 007 - CAMPO FIJO DE DESCRIPCIÓN FÍSICA--INFORMACIÓN GENERAL | |
| campo de control de longitud fija | t| |
| 008 - DATOS DE LONGITUD FIJA--INFORMACIÓN GENERAL | |
| campo de control de longitud fija | 030113s1967 sp ||||1| spa d |
| 100 1# - ENTRADA PRINCIPAL--NOMBRE DE PERSONA | |
| Nombre de persona | Arrillaga Arriola, Antonio. |
| 9 (RLIN) | 23319 |
| 245 10 - MENCIÓN DEL TÍTULO | |
| Título | Lo que se ha dicho de Iparraguirre |
| Resto del título | = Iparraguirre'ren-gan esan diranak : D. José María de Iparraguirre y Valerdi, inmortal poeta, músico y bardo / |
| Mención de responsabilidad, etc. | [recopilado por] Antonio Arrillaga Arriola. |
| 260 ## - PUBLICACIÓN, DISTRIBUCIÓN, ETC. | |
| Lugar de publicación, distribución, etc. | Bilbao : |
| Nombre del editor, distribuidor, etc. | Junta de Cultura de Vizcaya, |
| Fecha de publicación, distribución, etc. | 1967 ( |
| Fabricante | Santa Casa de Misericordia) |
| 300 ## - DESCRIPCIÓN FÍSICA | |
| Extensión | 672 p., [12] h. de lám. ; |
| Dimensiones | 24 cm. |
| 600 14 - PUNTO DE ACCESO ADICIONAL DE MATERIA--NOMBRE DE PERSONA | |
| Nombre de persona | Iparraguirre, José María ( |
| Fechas asociadas al nombre | 1820-1881) |
| 9 (RLIN) | 142033 |
| 710 2# - ENTRADA AGREGADA--NOMBRE DE ENTIDAD CORPORATIVA | |
| Nombre de entidad corporativa o nombre de jurisdicción como elemento de entrada | Junta de Cultura de Vizcaya. |
| 9 (RLIN) | 5386 |
| 852 ## - LOCALIZACIÓN | |
| Ubicación | ES-MaACL |
| Número de control de estantería | C-56569 |
| Sublocalización o colección | R.89247 |
| 852 ## - LOCALIZACIÓN | |
| Ubicación | ES-MaACL |
| Número de control de estantería | C-46659 |
| Estatus retirado | Estado de pérdida | Estado de daño | No para préstamo | Biblioteca de origen | Biblioteca actual | Ubicación en estantería | Fecha de adquisición | Fuente de adquisición | Total de préstamos | Signatura topográfica completa | Código de barras | Visto por última vez | Precio de reemplazo | Tipo de ítem Koha |
|---|---|---|---|---|---|---|---|---|---|---|---|---|---|---|
| Biblioteca del Ateneo de Madrid | Biblioteca del Ateneo de Madrid | Depósito 2 | 03/03/2017 | C-46659 | 1197178 | 23/02/2023 | 23/02/2023 | Libro impreso | ||||||
| Biblioteca del Ateneo de Madrid | Biblioteca del Ateneo de Madrid | Depósito 2 | 17/01/2008 | C-56569 | 1027937 | 23/02/2023 | 23/02/2023 | Libro impreso |
